| 000 | 01123nac a22004090a 4500 | ||
|---|---|---|---|
| 001 | PT35981 | ||
| 003 | AR-LpoUNG | ||
| 005 | 20210201005345.0 | ||
| 008 | 201001s2007||||ag |||||||||||||||||spa d | ||
| 020 |
_a9789504917465 _c$30 |
||
| 040 |
_aAR-LpoUNG _bspa _eaacr |
||
| 041 | _aspa | ||
| 044 | _aag | ||
| 082 | 0 | _a982.11 219v2 | |
| 100 | 1 | _aRapoport, Mario | |
| 245 | 1 | 0 |
_aBuenos Aires historia de una ciudad : _bde la modernidad al siglo XXI : sociedad, política, economía y cultura |
| 260 |
_aBuenos Aires : _bPlaneta, _c2007. |
||
| 300 |
_a876 p. : _bil. _a(2 _fVolúmenes) _3Impreso |
||
| 490 | 0 | _aBuenos Aires historia de una ciudad | |
| 650 | 4 | _aANALISIS HISTORICO | |
| 650 | 4 | _aARGENTINA | |
| 650 | 4 | _aCRISIS POLITICA | |
| 650 | 4 | _aCULTURA | |
| 650 | 4 | _aDEMOCRACIA | |
| 650 | 4 | _aDICTADURA | |
| 650 | 4 | _aGLOBALIZACION | |
| 650 | 4 | _aGOBIERNO MILITAR | |
| 650 | 4 | _aHISTORIA ECONOMICA | |
| 650 | 4 | _aHISTORIA POLITICA | |
| 650 | 4 | _aHISTORIA SOCIAL | |
| 650 | 4 | _aMODERNIDAD | |
| 650 | 4 | _aSOCIEDAD | |
| 651 | 4 | _aArgentina | |
| 700 | 1 | _aSeoane, María | |
| 905 | _a35981 | ||
| 942 | _cLIB | ||
| 999 |
_c49264 _d49264 |
||